1295 1768 1563 1654 1967 1522 1454 1267 1738 1582 1708 1109 1832 1708 1484 1708 1249 1026 1914 1204 1512 1428 1494 1143 1699 1478 1583 1007 1092 1162 1049 1355 1345 1110 1063 1138 1040 1542 1261 1767 1411 1366 1833 1410 1089 1502 1442 1437 1240 1045 1864 1879 1750 1439 1105 1971 1451 1511 1711 1209 1493 1940 1569 1722 1925 1111 1951 1692 1411 1711 1337 1033 1018 1072 1466 1530 1994 1894 1846 1371 1381 1558 1473 1031 1381 1400 1424 1507 1979 1172 1862 1404 1171 1418 1912 1787 1272 1625 1595 BCNSPRNW ULIB Ver.6.0+V

เปลี่ยนเป็นภาษาไทย

Change to English
 แสดงรายละเอียดบรรณานุกรม
  กลับหน้าหลัก

Brief Record : Get Marc (ISO 2709) : E-mail record : QR code < ปิดหน้าต่าง
LEADER : 00000nam 2200000uu 4500
001    13399125107
003     ULIB
008    160627s2559||||th 000 0 tha d
020    ^a9786162798269
060 04 ^aWA100^bส743
245 00 ^aสุขภาพคนไทย 2559 :ตายดีวิถีที่เลือกได้/^cสถาบันวิจัยประชากรและสังคมมหาวิทยาลัยมหิดล
246 30 ^aตายดีวิถีที่เลือกได้
250    ^aพิมพ์ครั้งที่ 1
260    ^aนครปฐม :^bสถาบันวิจัยประชากรและสังคม มหาวิทยาลัยมหิดล,^c2559,[2016]
300    ^a108 หน้า :^bภาพประกอบ, แผนภูมิ ;^c30 ซม.
490 1  ^aเอกสารทางวิชาการ / สถาบันวิจัยประชากรและสังคม มหาวิทยาลัยมหิดล
650  2 ^aHealth Status Indicators
650  7 ^aความตาย
650  7 ^aความตาย^xจิตวิทยา
650  7 ^aวัยรุ่น
650  7 ^aสังคมออนไลน์
650  7 ^aคนรุ่นใหม่
650  7 ^aไฤติกรรมสุขภาพ
650  7 ^aดัชนีสุขภาพ
650  7 ^aภาวะสุขภาพ^xดัชนีชี้วัด
710 2  ^aมหาวิทยาลัยมหิดล. ^bสถาบันวิจัยประชากรและสังคม
710 2  ^aสำนักงานกองทุนสนับสนุนการสร้างเสริมสุขภาพ
710 2  ^aสำนักงานคณะกรรมการสุขภาพแห่งชาติ
945    ^p0^l0^i001352
945    ^p0^l0^i001353
945    ^p0^l0^i001354
999    ^aทศพร
รายการนี้ยังไม่มีแท็ก
คุณยังไม่ได้ล็อกอิน คุณสามารถมีกิจกรรมร่วมกับเว็บไซต์ได้ แต่ต้องล็อกอินก่อน ::
  ล็อกอิน

รายการสื่อสารสนเทศ

ลำดับที่ ประเภท เลขเรียก/บาร์โค้ด สถานที่ สถานะ
1. วิทยาศาสตร์การแพทย์ และสุขภาพ
วิทยาศาสตร์การแพทย์ และสุขภาพ
สถานะ=หนังสือเก่า
WA100 ส743 ฉ.1 
  Barcode: 001352
ห้องสมุดวิทยาเขตสวรรค์ประชารักษ์
►ส่วนจัดเก็บหนังสือเก่า สปร
บนชั้น
  ขอยืม
2. วิทยาศาสตร์การแพทย์ และสุขภาพ
วิทยาศาสตร์การแพทย์ และสุขภาพ
สถานะ=หนังสือเก่า
WA100 ส743 ฉ.2 
  Barcode: 001353
ห้องสมุดวิทยาเขตสวรรค์ประชารักษ์
►ส่วนจัดเก็บหนังสือเก่า สปร
บนชั้น
  ขอยืม
3. วิทยาศาสตร์การแพทย์ และสุขภาพ
วิทยาศาสตร์การแพทย์ และสุขภาพ
สถานะ=หนังสือเก่า
WA100 ส743 ฉ.3 
  Barcode: 001354
ห้องสมุดวิทยาเขตสวรรค์ประชารักษ์
►ส่วนจัดเก็บหนังสือเก่า สปร
บนชั้น
  ขอยืม

รายการใกล้เคียง
    หัวเรื่อง [Health Status Indicators]
    หัวเรื่อง [ความตาย]
    หัวเรื่อง [วัยรุ่น]
    หัวเรื่อง [สังคมออนไลน์]
    หัวเรื่อง [คนรุ่นใหม่]
    หัวเรื่อง [ดัชนีสุขภาพ]

BibComment


ยังไม่เคยถูกคอมเมนท์

คอมเมนท์ทรัพยากรรายการนี้
  คอมเมนท์: สุขภาพคนไทย 2559..


 Copyright 2026. Bcnsprnw @Library